20 Największych miast świata po liczbie ludności - Statystyki

Ogólne statystyki
  • Ten quiz został rozwiązany 346 razy
  • Średni wynik to 8 z 20
Statystyki odpowiedzi
Liczba ludności (mln) Państwo % Poprawnych
37.3 Tokio
92%
20.4 Pekin
83%
18.8 Nowy Jork
79%
15.1 Stambuł
66%
27.0 Szanghaj
56%
21.7 Meksyk
53%
20.9 Kair
50%
30.2 Delhi
47%
22.0 São Paulo
45%
15.1 Buenos Aires
40%
20.4 Mumbaj
31%
19.1 Osaka
29%
14.3 Lagos
27%
21.0 Dhaka
23%
13.9 Manila
23%
14.8 Kalkuta
19%
16.0 Karaczi
17%
14.3 Kinszasa
12%
15.8 Chongqing
5%
13.5 Tianjin
1%
Nie znaleziono quizów pasujących do podanych kryteriów
Rozkład punktacji
Procent ludzi z każdym wynikiem
Percentyl według liczby udzielonych odpowiedzi
Twoja historia wyników
Nie rozwiązałeś tego quizu